| 000 | 00450nam a2200193Ia 4500 | ||
|---|---|---|---|
| 999 |
_c24992 _d24992 |
||
| 003 | 0100 | ||
| 005 | 20181113090956.0 | ||
| 008 | 130303s9999 xx 000 0 und d | ||
| 040 | _cARRUPELIB | ||
| 050 | _aBX2350.2.M486 1982 | ||
| 100 |
_aMilingo, Emmanuel _916446 |
||
| 245 | 4 |
_aThe Demarcations _cEmmanuel Milingo |
|
| 260 |
_aLusaka _bTeresianum Press _c1982 |
||
| 300 |
_a203p. ; _c21cm. |
||
| 650 |
_bSpiritual life _xCatholic authors _95665 |
||
| 942 |
_2lcc _cMONOGRAPH |
||